01811nam a2200289 a 450000100100000000500170001000800410002704000250006808200230009311101150011624500690023124600610030026000780036130000360043950000770047559000250055261101000057765000660067765000680074391000370081195201360084895201360098495201360112095201210125695201270137799900170150400002829820200930031522.0110407s2006 dr ac 000 0 spa d aDO-SdBNPbspacBNPHU a021.7bF356n, 20062 aFeria Internacional del Libron(9ª :d2006: 24 abril al 7 mayocSanto Domingo, República Dominicana)95529010aIX Feria Internacional del Libro Santo Domingo 2006 :bPrograma.13aNovena Feria Internacional del Libro Santo Domingo, 2006 aSanto Domingo :bSecretaría de Estado de Cultura,c2006fEditora Búho a403 p. :bil., retrs. ;c23 cm. aEn homenaje a Marcio Veloz Maggiolo , país invitado de honor Argentina aInventariado,2019/VM24aFERIA INTERNACIONAL DEL LIBROx(9ª :cSANTO DOMINGO, REPÚBLICA DOMINICANA)xPROGRAMAS955291 4aIndustria del librozRepública DominicanaxProgramas955292 4aFeria del librozRepública Dominicanay2006xProgramas955293 aValidado. Control de caliad. MFF 001054708DSaGRbGRcHDd2011-05-05iLF1l0o021.7 F356n, 2006p28298-30r2020-06-25te. 3w2020-06-25yLFDSZPréstamo en sala 001054708DSaGRbGRcHDd2011-05-25iLF1l0o021.7 F356n, 2006p28298-40r2020-06-25te. 4w2020-06-25yLFDSZPréstamo en sala 001054708DSaGRbGRcHDd2011-05-25iLF1l0o021.7 F356n, 2006p28298-50r2020-06-25te. 5w2020-06-25yLFDSZPréstamo en sala 0010718PDaPDbPDcHDd2011-04-07iLF1l0o021.7 F356n, 2006p28298-10r2020-06-25w2020-06-25yLFPDZNo se presta 0010718PDaPDbPDcHDd2011-04-07iLF1l0o021.7 F356n, 2006p28298-20r2020-06-25te. 2w2020-06-25yLFPDZNo se presta c27790d27790